[Event "ROM-chT"]
[Site "Sovata"]
[Date "2003.05.05"]
[Round "6"]
[White "Atalik, Suat"]
[Black "Negulescu, Adrian"]
[Result "1-0"]
[WhiteElo "2568"]
[BlackElo "2452"]
[Annotator "Atalik,S"]
[PlyCount "55"]
[EventDate "2003.04.30"]
[EventType "team"]
[EventRounds "7"]
[EventCountry "ROU"]
[SourceTitle "CBM 096"]
[Source "ChessBase"]
[SourceDate "2003.09.25"]
[SourceVersion "1"]
[SourceVersionDate "2003.09.25"]
[SourceQuality "1"]

1. d4 d6 {IM Negulescu's new favorite defence.} 2. Nf3 Bg4 3. c4 c6 {A weird
move.} 4. Nc3 Bxf3 {Even weirder.} ({Sturua's} 4... Nd7 5. e4 e5 6. Be2 Be7 7.
d5 Ngf6 8. Be3 $14 {is looking to me like more logical.}) 5. exf3 e6 6. d5 {
The natural reaction.I felt like I should not allow him to close the game with
d5.} exd5 7. cxd5 c5 $6 {IM Negulescu's risky play continues.} (7... Nf6 8. Qb3
Qb6 (8... Qc7 9. Bc4) 9. Be3 Qxb3 10. axb3 a6 11. b4 Nxd5 12. Nxd5 cxd5 13. b5
$44) 8. Bb5+ Nd7 9. O-O a6 $2 {Neglecting the development big time!} (9... Be7
10. Re1 Ngf6 11. Qe2 a6 (11... O-O $2 12. Qxe7 Re8 13. Qxd8 {is possible due
to pin on the last rank black can not deliver a chekmate.}) 12. Bxd7+ Qxd7 13.
Bg5 (13. b4 O-O) 13... Kf8 $16) 10. Bxd7+ Qxd7 11. b4 $3 {Black was already in
dire straits but this is a real blow for him.} cxb4 {Black takes the gauntlet,
he feels like at least he binges on some material.} (11... O-O-O 12. bxc5 dxc5
13. Bf4 Bd6 (13... Qf5 14. Qa4 Ne7 15. Rfd1 Ng6 16. Bg3 Bd6 17. Ne4 Bxg3 18.
hxg3 $18) 14. Na4 $18) 12. Na4 Qb5 (12... Qc7 {is trickier.} 13. Re1+ (13. Be3
b5 14. Nb6 Rb8 15. Rc1 Qd8 16. Re1 Be7 17. Qd4 Bf6 18. Bg5+ $1 (18. Qxb4 Ne7
19. a4 O-O 20. axb5 axb5 21. Qxb5 Nc8 $14) 18... Kf8 19. Bxf6 Nxf6 20. Rc6 $16)
13... Be7 (13... Ne7 14. Bf4) 14. Bb2 Kf8 15. Rc1 Qa5 16. Qd4 Bf6 17. Nb6 $1
$18) 13. Be3 {Wins easily but not the only way to finish the game.} (13. Bb2
Ne7 14. Re1 Kd7 15. Qb3 Re8 16. Re4 a5 17. Rae1 $18) 13... Nf6 14. Nb6 Rb8 (
14... Rd8 15. a4 Qa5 16. Re1 Be7 17. Bd4 Nxd5 18. Bxg7 Nxb6 19. Bxh8 $18) 15.
a4 $1 {Black's queen is in trouble.Bad opening play by my opponent decided the
result too early.} Qa5 (15... bxa3 16. Rb1 Qa5 17. Bd2 Qc5 18. Qa4+ Kd8 19.
Rfc1 $18 {The trap is closed and there ain't no way out for black.}) 16. Re1
Be7 17. Bd4 $18 O-O {He gives up too early,but what to do?He has to be
critical on his early mistakes.} (17... Kd8 18. Nc4 Qxd5 19. Bxf6 $18) (17...
Kf8 18. Qe2 Re8 19. Rac1 $1 h5 20. Rc8 $18) (17... Nxd5 18. Bxg7 Nxb6 19. Qxd6
$18) 18. Rxe7 Nxd5 19. Nxd5 Qxd5 20. Ba7 Qxd1+ (20... Qg5 21. Bxb8 Qxe7 22.
Bxd6 $18) 21. Rxd1 Rfe8 22. Rxe8+ $6 {Too relaxed!} (22. Bxb8 Rxe7 23. Bxd6 Rd7
24. Rc1 $1 h5 25. Bxb4 $18 {wins quicker.}) 22... Rxe8 23. Kf1 Re5 24. Rxd6 h5
25. Rb6 a5 26. Rxb7 Kf8 27. f4 ({Blacks a and b pawns tandem is going nowhere
after} 27. Rb5 Rxb5 28. axb5 b3 29. Bd4 Ke7 30. Ke2 a4 31. Kd3 $18) 27... Rd5
28. Ke2 {Adrian stopped the clock.} 1-0

[Event "Olympiad-36"]
[Site "Mallorca"]
[Date "2004.10.24"]
[Round "9"]
[White "Atalik, Suat"]
[Black "McNab, Colin Anderson"]
[Result "1-0"]
[WhiteElo "2541"]
[BlackElo "2434"]
[Annotator "Atalik,S"]
[PlyCount "67"]
[EventDate "2004.10.15"]
[EventType "team-swiss"]
[EventRounds "14"]
[EventCountry "ESP"]
[SourceTitle "CBM 104"]
[Source "ChessBase"]
[SourceDate "2005.01.27"]
[SourceVersion "1"]
[SourceVersionDate "2005.01.27"]
[SourceQuality "1"]
[WhiteTeam "Bosnia&Herzegovina"]
[BlackTeam "Scotland"]
[WhiteTeamCountry "BIH"]
[BlackTeamCountry "SCO"]

1. d4 d6 2. Nf3 {This has become an automatic response to modern defences with
me.} g6 3. c4 Bg7 4. e4 $5 {White players are not afraid of surrendering d4
square in these types of King's Indian structures.} (4. Nc3 Bg4 5. e3 $13 {
is another way to play this position.}) 4... Bg4 5. Be2 Nc6 6. Be3 (6. Nbd2 $5
{is a less ambitious but a solid system.} Nf6 (6... e5 7. d5 Nce7 8. O-O $14)
7. d5 Nb8 8. e5 dxe5 9. Nxe5 Bxe2 10. Qxe2 O-O 11. O-O $14) 6... Bxf3 (6... e5
7. d5 (7. dxe5 dxe5 {and the hole on d4 is annoying.}) 7... Bxf3 8. Bxf3 Nd4 9.
Bxd4 exd4 {transposes to the text.}) 7. Bxf3 e5 8. d5 (8. dxe5 dxe5 {and once
again difficult to come up with something having a punch for white.} 9. Qxd8+
Rxd8 10. Nc3 Nd4 11. O-O-O c6 12. Ne2 Nxe2+ 13. Bxe2 Bh6 $36) 8... Nd4 9. Bxd4
exd4 10. Nd2 {So we ended up in Epishin's favorite set up. I consider this
position to be better for white but of course the nature of the position gives
a lot of tactical counterchances to black.} c5 $6 {I think that this one is
too early. Black should not commit himself in the queenside.} (10... Ne7 $142
11. O-O O-O 12. Be2 c5 13. f4 $5 f5 $13 {played against me by GM Vallejo Pons
couple of rounds later in this olympiad.}) 11. dxc6 $1 bxc6 12. b4 $14 {
White has a better pawn configuration in the queen's flank.} (12. e5 $6 Ne7 13.
exd6 Qxd6 14. O-O O-O 15. Ne4 Qb4 $1 $132) 12... Ne7 13. O-O Rb8 14. a3 O-O $2
{An unexplainable mistake. Earlier he had played against Epish the correct
idea but now he seems to be confused.} (14... a5) 15. Nb3 $1 $16 {Now black is
in trouble since white breakthrough with c5 is well timed.} Qc7 $6 {This is is
some move which gives me the impression that black accepts his faith of being
worse.} (15... c5 $142 16. b5 (16. bxc5 dxc5 17. Nxc5 Qc8 18. Nd3 Qxc4 19. Rc1
Qa6 $1 $11) 16... f5 17. exf5 Rxf5 18. Qd3 $16) 16. c5 {After this black is on
the ropes.} (16. Nxd4 $2 Qb6 17. c5 dxc5 18. bxc5 Qxc5 19. Nb3 Qc3 20. Rb1 Rfd8
$19) 16... Rfd8 17. Qd3 $1 {a6 is a critical square.} dxc5 $6 {I dislike
exchanges in general.This is just one of them.} (17... g5 18. Bh5 $1 (18. Rad1
Ng6 19. Qc2 dxc5 20. Nxc5 Qe7 21. Be2 Nf4 22. Ba6 $1 $16) 18... d5 (18... Ng6
19. Bxg6 hxg6 20. cxd6 Qxd6 21. Rac1 $16) 19. Rad1 $1 dxe4 20. Qxe4 $16 Nd5
$140 $2 21. Nxd4 Nc3 22. Qxc6 $18) 18. Nxc5 Qd6 19. Qa6 $1 {I have told you
that a6 square is very important.} Qc7 20. Rac1 Qb6 21. Be2 $2 {Can not I play
a flowless game. I have made my first miscalculation in this position.} ({After
} 21. Rfd1 $142 $16 {white is just laughing!}) 21... Be5 $2 {He could have a
normal game with some tactics.} (21... d3 $1 22. Bxd3 Qxa6 23. Nxa6 Rb6 24. Bc4
Bb2 25. Rb1 (25. Rcd1 Rxd1 26. Rxd1 Bxa3 27. Rd7 Bxb4 28. Rxa7 Ba3 29. Kf1 $11)
25... Rd4 (25... Bxa3 26. Rb3 Rd4 27. Rxa3 Rxc4 28. f3 f5 $11) 26. Rxb2 Rxc4
27. Nc7 $11) 22. Rfd1 {After he missed his chances I continue the torment from
the moment we had a small pause.} h5 23. g3 h4 24. Kg2 $18 {Black's position
is a positional disaster.} Bf6 25. Qa4 $1 {Now my pieces turn like turrets of
a dreadnought towards his weakest point f7.} Rbc8 26. Bc4 Rc7 27. Re1 $1 {
Another wave of attack with e5-e6 is threatened.} d3 $5 {Too late!} 28. Nxd3
Bd4 29. Qb3 Kg7 30. Rcd1 $5 {I switched to the d line.} (30. Bxf7 Rf8 31. Bc4
Bxf2 32. Rf1 h3+ 33. Kxh3 $18) 30... Nc8 $2 $138 (30... Rf8 31. Nf4 $1 $18 {
And white dominates the board.}) 31. Nc5 $1 {Now it is all over.} Re7 32. Rxd4
{Petit combinason!} Rxd4 33. Qc3 Qd8 34. Rd1 1-0

[Event "SRB-chT Central"]
[Site "Kragujevac"]
[Date "2013.09.17"]
[Round "5.5"]
[White "Atalik, Suat"]
[Black "Cabrilo, Goran"]
[Result "1-0"]
[WhiteElo "2566"]
[BlackElo "2388"]
[Annotator "Atalik,S"]
[PlyCount "137"]
[EventDate "2013.09.14"]
[EventType "team-tourn"]
[EventRounds "11"]
[EventCountry "SRB"]
[SourceTitle "CBM 158"]
[Source "ChessBase"]
[SourceDate "2014.01.16"]
[SourceVersion "1"]
[SourceVersionDate "2014.01.16"]
[SourceQuality "1"]
[WhiteTeam "Kraljevo Sloga Turist"]
[BlackTeam "Ub"]
[WhiteTeamCountry "SRB"]
[BlackTeamCountry "SRB"]

1. d4 d6 2. Nf3 Bg4 3. c4 Nd7 (3... Bxf3 4. exf3 g6 5. g3 $5 Bg7 6. Bg2 c6 (
6... e6 7. Nc3 Ne7 8. d5 exd5 9. cxd5 O-O 10. O-O $16) 7. d5 Qa5+ 8. Nd2 cxd5
9. f4 $16 {and this was how Katya had beaten Paehtz in Saint Peterburg 2009.})
4. e4 g6 (4... e5 5. Be2 Be7 6. Nc3 c6 7. d5 Ngf6 8. Be3 $14 {Atalik-Sturua,
European Individual, Ohrid 2001.}) 5. Be2 Bg7 6. Nc3 c5 7. d5 Ngf6 ({I do not
feel any particular danger about} 7... Bxc3+ 8. bxc3 Qa5 9. Qc2 Ngf6 10. O-O
O-O-O 11. h3 Bxf3 12. Bxf3 Nb6 13. Be2 Qa4 14. Qd3 Nfd7 15. f4 g5 16. e5 $40)
8. a4 $5 $146 {I was burning to respond to Bf3 by gf3 at this moment and
started to mark time.} (8. h3 Bxf3 9. gxf3 $5 O-O 10. f4 Ne8 11. h4 $13) 8...
a6 9. Ra3 $5 {I was aware that I might be pushed into pulling my rook back to
a1 to challenge the for the e-file.} (9. a5 $5 b6 10. axb6 Qxb6 11. Qc2 O-O 12.
Ra3 Rfb8 13. b3 Ne8 14. O-O Nc7 $14) 9... Qc7 10. h3 Bxf3 11. Bxf3 h5 12. g3 (
12. Be2 h4 13. f4 Nh5 14. Bxh5 Rxh5 15. O-O O-O-O 16. Be3 $14) 12... e6 (12...
Bh6 $5 13. Bxh6 Rxh6 14. Qd2 Rh7 15. Bd1 O-O-O 16. a5 $40) 13. O-O exd5 14.
exd5 O-O 15. Be2 Rfe8 16. Qc2 Re7 17. f4 Rae8 {So far we have on the board a
typical Hromadka with which Polugaevsky and Uhlmann scored nice victories.} 18.
Bd3 $2 ({It was imperative to play} 18. f5 $1 Nh7 $1 (18... Ne5 19. Bg5) (18...
gxf5 19. Rxf5) 19. fxg6 fxg6 20. Bd3 Nhf8 21. Bg5 (21. Bxg6 Nxg6 22. Qxg6 Ne5)
21... Rf7 22. Rxf7 Kxf7 23. Ra1 Ne5 24. Rf1+ Kg8 25. Kg2 $14) 18... Nh7 19. Bd2
Bd4+ 20. Kg2 Ndf6 21. Raa1 Qd7 22. Rae1 (22. f5 g5) 22... Be3 $1 {Black timely
exchanges bishops and the game steers towards absolute equality.} 23. Bxe3 Rxe3
24. Rxe3 Rxe3 25. Qd2 Qe8 26. Kf2 Re7 27. Re1 Rxe1 28. Qxe1 Qxe1+ 29. Kxe1 $11
a5 (29... b6 $5 30. Kf2 (30. a5 $6 bxa5 31. Kd2 Kf8 32. Kc2 Nd7 33. Kb3 Nb6 34.
Na4 Nc8)) 30. Kf2 Kf8 31. Kf3 Ke7 32. g4 hxg4+ 33. hxg4 Nf8 (33... g5 $6 34.
Bf5 $16) 34. Ne2 $5 (34. Nd1 N6d7 35. Ne3 Nb8) 34... N6d7 35. Ng3 Nb6 36. b3
Nbd7 37. Bf1 Nb8 38. Bh3 Na6 39. Ke3 $1 {Before starting any plan I had to
protect the c2-square.} (39. g5 Nb4 40. f5 Nc2 41. Ne2 Na1 42. Nc1 Nc2 $11)
39... Nb4 40. Kd2 f6 $1 41. g5 fxg5 $5 ({Obviously Goran did not want to commit
} 41... f5 $6 42. Bxf5 $1 (42. Nxf5+ $6 gxf5 43. Bxf5 Kf7 44. Bb1 Ng6 45. Ke3
Kg7 46. Kf3 Kf7 47. Kg4 Nf8 48. Kh5 Kg7 49. f5 Nd7 $11) 42... gxf5 43. Nxf5+
Kd7 44. Nh6 Ke7 45. f5 Nd7 (45... Nh7 $2 46. g6 Nf6 47. g7) 46. f6+ Kf8 47. Nf5
Kf7 48. Nxd6+ Kg6 49. Nxb7 Kxg5 50. f7 Na6 51. Nxa5 Kf6 52. Ke3 Kxf7 $11) 42.
fxg5 Na6 $2 {An unnecessary loss of a pawn alas because of the closed nature
of the position,it is still playable although Black is supposed to need to be
more careful about what White may try.} (42... b6 43. Ne4 Nh7 44. Be6 Na6 $11)
43. Bc8 Nb8 44. Bxb7 Kd7 45. Ke3 Kc7 46. Ba8 Nbd7 47. Bc6 Ne5 48. Bb5 Kd8 49.
Ne4 Ke7 50. Ba6 Nh7 51. Bc8 Nf8 52. Bh3 Nh7 53. Bf1 Nf8 54. Be2 Nfd7 55. Kf4
Nf7 56. Bd3 Nfe5 57. Bc2 Nf7 58. Nc3 Nfe5 59. Nb5 Nf8 60. Bb1 Kd7 61. Be4 Nf7
62. Bg2 ({Black holds in case of an exchange of knights on c6.} 62. Na7 Ne5 63.
Nc6 Nxc6 64. dxc6+ Kc7 65. Bd5 Nh7 66. Kg4 (66. Bg8 Nf8) (66. Bf7 Nf8 67. Bxg6
Nxg6+ 68. Kf5 Nh4+ $11) 66... Nf8 67. Kf3 Nh7 68. Kf4 Kb6 69. Be4 Nf8 $11)
62... Nh7 $2 $138 (62... Ne5 63. Bh3+ Ke7 64. Na7 Kd8 65. Nc6+ Nxc6 66. dxc6
Kc7 (66... Nh7) 67. Bg2 Ne6+ 68. Kg4 Nf8 69. Bd5 Nh7 70. Bf7 Nf8 71. Bxg6 Nxg6
72. Kf5 Nh4+ 73. Kf6 Kxc6 74. g6 Nxg6 75. Kxg6 d5 76. cxd5+ Kxd5 77. Kf5 $11 {
is a draw as it was analysed some moves ago.}) 63. Na7 $2 $138 {Lack of time
lower the quality of the game. At this age or rather in any we both needed to
have a lot of time to deal with this study-like position.} (63. Bh3+ $1 Kd8 (
63... Ke7 64. Na7 Nfxg5 (64... Nhxg5 65. Nc6+ Ke8 66. Bc8 $18) (64... Ne5 65.
Nc8+ $18) 65. Nc6+ Ke8 66. Bc8 Nf7 67. Nxa5 Kd8 68. Be6 Ne5 69. Nb7+ Kc7 70.
Nxc5 $18) 64. Bf5 $1 Nf8 65. Be6 $18) 63... Ne5 64. Bh3+ Ke8 $2 (64... Kd8 $1
65. Nc6+ (65. Nc8 Kc7) 65... Nxc6 66. dxc6 Kc7 $11 {as it is already mentioned.
}) (64... Kc7 $2 65. Nb5+ $18) 65. Nc8 Nf7 66. Bf5 $3 gxf5 $2 {Collapse!} (
66... Nf8 67. Be6 $1 Kd8 68. Bxf7 $1 Kxc8 69. Bxg6 $1 Nxg6+ 70. Kf5 $18 {
breaks through the defence.}) 67. g6 Kd7 (67... Kd8 68. Nxd6 $1 $18) (67...
Nhg5 68. Kxf5 $18) 68. Nb6+ $1 $18 {I had to send his king as far away as
possible.} (68. gxh7 $2 Kxc8 69. Kxf5 Kd7 70. Kg6 Ke7 71. Kg7 Nh8 $1 72. Kg8 $1
$11 (72. Kxh8 $4 Kf7 $1 73. b4 axb4 74. a5 b3 75. a6 b2 76. a7 b1=Q 77. a8=Q
Qb2#)) 68... Kc7 (68... Ke7 69. gxh7 Kf6 70. Nc8 Nh8 71. Nxd6 $18) 69. gxh7 (
69. gxh7 Kxb6 70. Kxf5 Kc7 71. Kf6 Nh8 72. Kg7 $18) 1-0

[Event "BIH-chT"]
[Site "Neum"]
[Date "2001.08.29"]
[Round "6"]
[White "Atalik, Suat"]
[Black "Boric, Muhamed"]
[Result "1-0"]
[WhiteElo "2532"]
[BlackElo "2393"]
[Annotator "Atalik,S"]
[PlyCount "95"]
[EventDate "2001.08.24"]
[EventType "team"]
[EventRounds "9"]
[EventCountry "BIH"]
[SourceTitle "EXT 2003"]
[Source "ChessBase"]
[SourceDate "2002.11.25"]
[SourceVersion "1"]
[SourceVersionDate "2002.11.25"]
[SourceQuality "1"]

1. d4 d6 2. Nf3 Bg4 {One of the modernest systems.} 3. c4 Bxf3 4. exf3 (4. gxf3
{is the other capture.} Nd7 $1 (4... c6 5. Nc3 g6 6. e4 $36) (4... g6 5. h4 Nf6
6. Qb3 Qc8 7. Bh3 Nbd7 8. Nc3 Bg7 9. Bg5 $36) 5. Nc3 g6 6. f4 Bg7 7. Bg2 Rb8
$13) 4... Nd7 5. d5 {The move I like in this type of positions.} Ngf6 (5... g6
6. Be3 Bg7 7. Qd2 {happened in my game with Kozakov in Lvov 2000.}) 6. Be2 g6
7. Nc3 Bg7 8. f4 O-O 9. O-O Re8 10. Bf3 $5 (10. Be3 e6 11. dxe6 Rxe6 12. Qc2
$14) 10... Nb6 11. Qd3 Nfd7 12. b3 Nc5 13. Qc2 e6 14. dxe6 Rxe6 (14... Nxe6 15.
Be3 $1 (15. Bxb7 $6 Rb8 16. Be4 Qf6 $132) 15... c6 (15... Nd4 $6 16. Bxd4 Bxd4
17. Bxb7 Rb8 18. Bc6 $16) 16. Rad1) 15. Be3 a5 $6 {Black forces unnecessary
complications.} (15... c6 16. Rad1 Qf6 17. Ne2 Rae8 18. Qd2 $14) 16. Rad1 $1 {
There is no need to complicate the issue.} (16. Bxc5 dxc5 17. Bxb7 Rb8 18. Bd5
(18. Rad1 Qf6 19. Nd5 Nxd5 20. Bxd5 Re7 $44) 18... Rd6 $1 (18... Bxc3 19. Qxc3
Nxd5 20. cxd5 Qxd5 21. Qxa5 $16) 19. Rad1 Bxc3 20. Qxc3 Nxd5 21. cxd5 Rxd5 22.
Rxd5 Qxd5 23. Qxa5 Ra8 24. Qxc7 Rxa2 $11) 16... Nbd7 17. Nb5 $1 {Since black
could not throw in c6,he has serious problems.} Bf8 18. f5 $6 {Extremely hasty
decision.It was clear that white could squeeze black more.} (18. a3 $1 c6 19.
Nd4 Re8 20. b4 axb4 21. axb4 Ne6 22. b5 $16) 18... Rxe3 $1 {Just on time.The
resulting positions after this sacrifice still will be to whites favor, though
finding a way to breakthrough is not that easy.} (18... Re8 $2 19. fxg6 hxg6
20. Bd5 Kg7 21. Rfe1 $1 $40) 19. fxe3 Ne5 20. a3 {Direct attempts are self
destructive for white.} ({Twin variations are no good.} 20. Bd5 $2 c6 21. fxg6
hxg6 22. Bxf7+ Kg7 $1) (20. fxg6 hxg6 21. Bd5 $2 c6 22. Bxf7+ Kg7 $1) 20... c6
21. Nd4 Qg5 22. Rfe1 $1 {A very difficult decison.} Bg7 23. Kh1 ({White is not
ready for.} 23. b4 $6 axb4 24. axb4 Na6) 23... Re8 24. b4 axb4 25. axb4 Ncd7 $1
{Creating more problems.} (25... Na6 26. b5 Nb4 27. Qe4 $1 c5 (27... d5 28.
cxd5 Nxd5 29. Rc1 $16) 28. fxg6 hxg6 29. Nb3 $16) 26. e4 Nf6 27. c5 $1 dxc5 28.
bxc5 Nfd7 $1 {Black should keep his position intact.} 29. Be2 Qe7 30. Nb3 Bf8
$2 {A common mistake from black's part,he does not want to commit weaknesses
in his pawn structure even if he could win material.} (30... gxf5 $1 31. Bf3 $1
(31. exf5 $4 Ng4 $1 $19) 31... f4 32. Rd2 Bf8 33. Rc1 $14) 31. Rf1 $1 $16 {
Now black is in trouble.He could not get whites c5,so he can simply sit and
wait.} Qg5 32. Qc3 Qh4 33. Rd4 Bg7 {This a very critical stage.} 34. Qb4 {
This move only looks aggressive however if black would play the correct move I
would have to go for 34.Rd1.} (34. Qd2 $6 Bh6 35. Qd1 Bf4 36. h3 Re7 37. fxg6
hxg6 38. Bg4 Qg3 39. Rxf4 Qxf4 40. Bxd7 Nxd7 41. Rxd7 Rxd7 42. Qxd7 Qf1+ $11) (
34. Rfd1 Ng4 35. Bxg4 Qxg4 36. e5 Bxe5 37. Rxg4 Bxc3 38. Kg1 Nf6 39. Rc4 $16)
34... Nf6 $2 $138 (34... Bf8 $1 {Natural and consequent.} 35. Qc3 (35. Bc4 Re7)
35... Bg7 36. Rfd1 $1 (36. Rb4 Ng4 37. Qg3 Qxg3 38. hxg3 Ne3 39. Rf3 Nxf5 40.
exf5 Rxe2 41. Rxb7 Re1+ 42. Kh2 Ne5 43. Rb8+ Bf8 44. Rf4 h5 $11)) 35. Nd2 Nfg4
36. Bxg4 Nxg4 37. Nf3 Qe7 38. fxg6 $1 {So far white has done everything with
precision.} hxg6 (38... Bxd4 39. gxf7+ Qxf7 40. Qxd4 $16) 39. e5 $5 {Finally
the climax over the board resulted in what white was waiting for :the
breakthrough.} Ne3 $6 (39... Nxe5 40. Re1 Qc7 (40... b5 $2 41. Rd6 Qc7 42. Qc3
f6 43. Nxe5 $18) 41. Rde4 (41. Rd6 $6 {Too pushy.} Qc8 42. Ng5 Qf5 43. Qh4 Bf6
44. Qh7+ Kf8 45. Qh6+ Kg8 46. Ne4 Ng4 $132) 41... Re7 42. Nxe5 Rxe5 43. Rxe5
Bxe5 44. g3 $14) 40. Rc1 $4 {Actually this spoils everything.} (40. Rf2 Nd5 41.
Qa5 $16) 40... Nd5 $4 {instead black could have won back the exchange.} (40...
Bh6 $1 {After this move there is noway for white to keep the exchange.} 41. Rc3
Nd5 42. Rxd5 cxd5 43. Qd4 $14) 41. Qe1 $1 $18 {Now black's kingside is weak
and his bishop is shut.} Bh6 42. Rb1 Qxc5 43. Rxb7 Qc2 44. Qb1 $1 Qe2 {By
allowing his queen chased away black makes e6 thrust possible.} 45. Re4 Qf2 (
45... Ne3 46. Rb2 Qd1+ (46... Qa6 47. e6 $1) 47. Qxd1 Nxd1 48. Rc2 $18) 46. e6
$1 f5 47. Rh4 $6 {This position is rather easy to cash the point but still
some attention is required.} ({The simplest is} 47. Rb8 $1 Rf8 (47... Rxb8 48.
Qxb8+ Kh7 (48... Bf8 49. e7 Nxe7 50. Rxe7 Qf1+ 51. Ng1 $18) 49. Qb7+ Kh8 50. e7
$18) 48. e7 $18) ({And of course not} 47. Rg4 Rxe6 {as a bystander was trying
to convince me during the game after I have already played 47.Rh4.}) 47... Bg7
$2 ({The most tenacious is} 47... Qe3 $1 48. Rb8 Rf8 49. Rb3 Qc1+ 50. Qxc1 Bxc1
51. Rc4 Be3 52. Rxc6 Ra8 53. Rb1 $18) (47... Nc3 $2 48. Qa1 $18) 48. Rb8 $1 (
48. Rb8 $1 Rf8 49. Qb7 $18 (49. Rxf8+ Bxf8 50. Qa1 Bg7 51. Qa8+ Bf8 52. Rh8+
Kxh8 53. Qxf8+ Kh7 54. Ng5#)) (48. Rxg7+ $2 Kxg7 49. Qa1+ Nf6 {and since a7 is
covered,there is no immediate win for white.} 50. Qe5 Qb6 $1 $14) 1-0

[Event "Zhong Hong Real Estate Cup"]
[Site "Beijing"]
[Date "2001.07.28"]
[Round "9"]
[White "Wu, Wenjin"]
[Black "Mas, Hafizulhelmi"]
[Result "1-0"]
[WhiteElo "2560"]
[BlackElo "2456"]
[Annotator "Atlas,V"]
[PlyCount "106"]
[EventDate "2001.07.20"]
[EventType "tourn"]
[EventRounds "11"]
[EventCountry "CHN"]
[EventCategory "10"]
[SourceTitle "CBM 085"]
[Source "ChessBase"]
[SourceDate "2001.11.13"]
[SourceVersion "1"]
[SourceVersionDate "2001.11.13"]
[SourceQuality "1"]

1. Nf3 d6 2. d4 Bg4 3. e4 Nd7 4. h3 Bh5 5. c3 c6 6. Bd3 e5 7. Nbd2 Be7 8. O-O
Qc7 9. Re1 g5 10. Nf1 h6 11. Ng3 Bg6 12. b4 O-O-O 13. Rb1 Kb8 14. c4 f6 15. d5
c5 16. a3 h5 17. h4 g4 18. Nd2 Bf8 19. Nb3 Bh6 20. Bb2 Ne7 21. Bc3 Nc8 22. Na5
Ndb6 23. Nf5 Bf8 24. g3 Qh7 25. Re2 Rd7 26. Reb2 Rc7 27. Be1 Rg8 28. Kh2 Qd7
29. Bd2 {[%csl Rb7][%cal Gb4c5,Gb1b8,Ga5b7] White has a large and durable
advantage and excellent attacking prospects.} Qh7 30. Rb3 Ka8 31. R1b2 Qd7 32.
Be3 Qh7 33. bxc5 dxc5 34. a4 $1 Bxf5 35. exf5 Nd6 36. Qc2 Bh6 37. Rxb6 $1 {
The exchange sacrifice is the most energetic way to continue White's attack.}
axb6 38. Rxb6 Rd8 39. Bxh6 Qxh6 40. Nb3 Qf8 41. Qc3 Kb8 42. Nd2 Qe7 43. Qc2 Ka7
44. a5 Qf8 45. Rb1 Ra8 46. Rb6 Rd8 47. Qb2 Rdd7 48. Bc2 Rd8 49. Ba4 Qe7 50. Qb1
Rdc8 51. Ne4 $1 {[%csl Rd6][%cal Ge4d6,Gb6d6] Eliminating a key defender of
the black king and preparing an elegant combination crowning White's attack.}
Rd8 52. Nxd6 Rxd6 {[%tqu "En","Black's king is in bad shape. How to finish it
off?","Try to expose the enemy king even further.","Use your bishop for a
decisive blow!","a4c6","This is the quickest and prettiest way to finish the
game.",-106]} 53. Bc6 $1 {[%csl Ra7,Rb6][%cal Gb6a6,Gb1b6] Creating a deadly
threat 54.Ra6!+ Kb8 (54...ba6 55.Qb6#) 55.Qb6 +-} (53. Be8 {should be also
sufficient for win, but the text is the most direct and effiicent way to
attaing the goal.}) 53... bxc6 (53... bxc6 {, and Black resigned in view of:}
54. Ra6+ $1 Kxa6 55. Qb6#) (53... Rdxc6 54. dxc6 Rxc6 (54... e4 55. cxb7 Rxb7
56. Qb5 $18)) 1-0